| 000 | 00955nam a22003137a 4500 | ||
|---|---|---|---|
| 003 | CHAP | ||
| 005 | 20220329140745.0 | ||
| 008 | 971013s1961 r 00010 d | ||
| 010 | _a57153 | ||
| 011 | _a58125 | ||
| 035 | _a62280 | ||
| 040 | _cCHAP | ||
| 082 |
_a589.203 _bA5 |
||
| 100 | 0 | 0 |
_aAinsworth, Geoffrey Clough. _93133 |
| 245 | _aDictionary of the fungi | ||
| 250 | _a5 ed. | ||
| 260 |
_aKew, Surrey : _bCommonwealth Mycological Institute, _c1961 |
||
| 300 |
_a547 p. _b: ilus. |
||
| 590 |
_aBATCH-UPD _b10 _c20130110 _lUCH01 _h0012 |
||
| 590 |
_aBATCH-UPD _b10 _c20130110 _lUCH01 _h0555 |
||
| 590 |
_aBATCH-UPD _b10 _c20130409 _lUCH01 _h1949 |
||
| 590 |
_aBATCH-UPD _b10 _c20130913 _lUCH01 _h2322 |
||
| 590 |
_aCONVERSION _b10 _c20130109 _lUCH01 _h1331 |
||
| 650 | 1 | 4 |
_aMicologĂa _xDiccionarios. _975478 |
| 700 | 0 |
_aBisby, Guy Richard. _912929 |
|
| 901 | _aBK | ||
| 942 | _cLIBRO | ||
| 949 |
_a589.203 A5 _bBC _cC _d33724002201454 _eC _h18287 _i62280 _si |
||
| 999 |
_c57153 _d57153 |
||